000 00774nam a2200217Ii 4500
003 JO-AjNU
008 230605s9999||||xx |||||||||||||| ||und||
017 _a2009/5822
020 _a978-977-420-678
040 _aJO-AjNU
_bara
_erda
_cJO-AjNU
041 _aara
050 1 4 _aQH 333 .G6512 2009
100 3 _aسميث، جولد,
_eauthor
_931042
245 0 0 _aالاصول البيولوجية للسلوك البشري :اقامة الصلا بين التطور والسلوك
264 3 1 _aالقاهرة:الهيئة المصرية ،2009
300 _a250ص
336 _atext
_btxt
_2rdacontent
337 _aunmediated
_bn
_2rdamedia
338 _avolume
_bnc
_2rdacarrier
650 4 _a السلوك الإجتماعي -- جوانب بيولوجية 
_931043
999 _aA12373
_c15941
_d15941